<?xml version="1.0" encoding="UTF-8"?><?xml-stylesheet type="text/xsl" href="static/style.xsl"?><OAI-PMH xmlns="http://www.openarchives.org/OAI/2.0/" xmlns:xsi="http://www.w3.org/2001/XMLSchema-instance" xsi:schemaLocation="http://www.openarchives.org/OAI/2.0/ http://www.openarchives.org/OAI/2.0/OAI-PMH.xsd"><responseDate>2026-06-04T19:54:19Z</responseDate><request verb="GetRecord" identifier="oai:riuma.uma.es:10630/37712" metadataPrefix="marc">https://riuma.uma.es/rest/oai/request</request><GetRecord><record><header><identifier>oai:riuma.uma.es:10630/37712</identifier><datestamp>2026-02-03T10:15:12Z</datestamp><setSpec>com_10630_1685</setSpec><setSpec>col_10630_38083</setSpec></header><metadata><record xmlns="http://www.loc.gov/MARC21/slim" xmlns:dcterms="http://purl.org/dc/terms/" xmlns:doc="http://www.lyncode.com/xoai" xmlns:xsi="http://www.w3.org/2001/XMLSchema-instance" xsi:schemaLocation="http://www.loc.gov/MARC21/slim http://www.loc.gov/standards/marcxml/schema/MARC21slim.xsd">
   <leader>00925njm 22002777a 4500</leader>
   <datafield ind2=" " ind1=" " tag="042">
      <subfield code="a">dc</subfield>
   </datafield>
   <datafield ind2=" " ind1=" " tag="720">
      <subfield code="a">Arjones-Fernández, María Aurora</subfield>
      <subfield code="e">author</subfield>
   </datafield>
   <datafield ind2=" " ind1=" " tag="260">
      <subfield code="c">2024</subfield>
   </datafield>
   <datafield ind2=" " ind1=" " tag="520">
      <subfield code="a">En el marco del Proyecto Conocimiento Especializado en la Formación del Profesorado de Matemáticas,&#xd;
Ciencias Experimentales y Ciencias Sociales (ProyExcel_00298) se presenta este instrumento para la reflexión docente en la planificación, implementación y mejora de la enseñanza en el desempeño profesional del estudiante a profesor/a de Turismo &amp; Hostelería en el Prácticum del Master de Profesorado (MAES) UMA.</subfield>
   </datafield>
   <datafield ind1="8" ind2=" " tag="024">
      <subfield code="a">Arjones Fernández, M.ªA. (2024). Ficha de planificación y mejora de un proyecto de intervención didáctica en el Prácticum (unidad didáctica/situación de aprendizaje).Proyecto Conocimiento Especializado en la Formación del Profesorado de Matemáticas, Ciencias Experimentales y Ciencias Sociales (ProyExcel_00298). UMA.</subfield>
   </datafield>
   <datafield ind1="8" ind2=" " tag="024">
      <subfield code="a">https://hdl.handle.net/10630/37712</subfield>
   </datafield>
   <datafield tag="653" ind2=" " ind1=" ">
      <subfield code="a">Profesores de hostelería - Formación profesional</subfield>
   </datafield>
   <datafield ind2="0" ind1="0" tag="245">
      <subfield code="a">Ficha de planificación y mejora de un proyecto de intervención didáctica en el Prácticum (unidad didáctica/situación de aprendizaje).</subfield>
   </datafield>
</record>
</metadata></record></GetRecord></OAI-PMH>